000 00798cam a22002533a 4500
001 16199
003 PGUSA
005 20140828083339.0
008 050704s2005||||xxu|||||s|||||000 | eng d
040 _aPGUSA
_beng
042 _adc
050 4 _aPR
100 1 _aGodwin, William,
_d1756-1836
245 1 0 _aMemoirs of the Author of a Vindication of the Rights of Woman
_h[electronic resource] /
_cWilliam Godwin
260 _bProject Gutenberg,
_c2005
506 _aPublic domain in the USA.
516 _aElectronic text
653 _aAuthors, English -- 18th century -- Biography
653 _aFeminists -- Great Britain -- Biography
653 _aWollstonecraft, Mary, 1759-1797
830 0 _aProject Gutenberg
_v16199
856 4 0 _uhttp://www.gutenberg.org/ebooks/16199
942 _cEB
999 _c245454
_d245454